000 00397cam a2200157ua 4500
041 _aeng
_h
082 _a152.4
_bAABR/RO
100 _aAbrahamson, David .
245 _aRoad to emotional maturity /
_cDavid Abrahamson.
_hTextual Documents
250 _a1 /
_b.
260 _aNew Jersey :
_bPrentice Hall Inc ,
_c1961.
300 _a388 ; .
504 _a
942 _cBK
999 _c3536
_d3536